00818nac a22002291u 4500010001600000020001500016082002000031090001500051100003400066245006600100250001200166260004100178300003100219500008200250500001500332500004100347504003000388650002100418942002200439999001500461952011200476 a 78170739 a081210378500a616.1507bSe458 c3570d3570 aSeiverd, Charles Edwar 10aHematology for medical technologists,cby Charles E. Seiverd. a4th ed. aPhiladelphia,bLea & Febiger,c1972. axi, 840 p.billus.c25 cm. aFirst published in 1952 under title: Hematology for the medical technologist. aDonations. aDonations - Bibliotheca Alexandrina. aBibliography: p. 780-782. 0aBloodxAnalysis. cBBk616.1507Se458 c3570d3570 00102ddc4070aMAINbMAINc1STd2007-04-30ePurchasel0o616.1507 SEIp000030301r2025-07-15 00:00:00yBB